Letters of Paul and the Book of Psalms. (Record no. 408)

000 -LEADER
fixed length control field 00631nam a2200181 a 4500
001 - CONTROL NUMBER
control field :::00013562$&:&@@
003 - CONTROL NUMBER IDENTIFIER
control field OkBaRHE
005 - DATE AND TIME OF LATEST TRANSACTION
control field 20100324115911.0
008 - FIXED-LENGTH DATA ELEMENTS--GENERAL INFORMATION
fixed length control field s1981 j 000 0 eng u
020 ## - INTERNATIONAL STANDARD BOOK NUMBER
International Standard Book Number 0825440165
040 ## - CATALOGING SOURCE
Transcribing agency
245 10 - TITLE STATEMENT
Title Letters of Paul and the Book of Psalms.
Statement of responsibility, etc Translated by Arthur S. Way.
260 ## - PUBLICATION, DISTRIBUTION, ETC. (IMPRINT)
Place of publication, distribution, etc Grand Rapids, MI., :
Name of publisher, distributor, etc Kregel Publications
Date of publication, distribution, etc 1981
300 ## - PHYSICAL DESCRIPTION
Extent 483 p. ;
Dimensions 21 cm.
700 ## - ADDED ENTRY--PERSONAL NAME
Personal name Way, Arthur S. (Sanders), 1847-1930.
942 ## - ADDED ENTRY ELEMENTS (KOHA)
Source of classification or shelving scheme
Koha item type Books
Copies
Date last seen Barcode Not for loan Collection code Copy number Koha item type Full call number Source of classification or shelving scheme Price effective from Damaged status Date acquired Permanent Location Lost status Withdrawn status Shelving location
2018-03-2713562 Reference1BooksBS 2643 .W39 1981 2010-04-14 2010-04-14RHEMA Bible Training College  General Stacks